000 02020nam a2200241 a 4500
001 000022366
005 20260428122630.0
008 101006s2009 dr ac r 001 0 spa d
020 _a9789945406993
040 _aDO-SdBNP
_bspa
_cBNPHu
082 _a796.83
_bC957b
100 1 _aCruz Torres, Juan de la,
_d1961-
_946132
245 1 0 _aÉxito :
_bboxeo olímpico dominicano /
_cJuan de la Cruz Torres ; prólogo Luis Mejía Oviedo.
260 _aSanto Domingo :
_bAlfa y Omega,
_c2009.
300 _a177 p. :
_bil., retrs. ;
_c23 cm.
500 _aIncluye datos biográficos del autor en la solapa
500 _aFélix Manuel Díaz Guzmán / campeón olímpico
505 0 _aPrólogo -- Nota del autor -- Agradecimiento -- Colaboradores -- Introducción -- Historia del boxeo -- Surgimiento del boxeo en la República Dominicana -- Breve reseña histórica -- El boxeo femenino -- Federación dominicana de boxeo -- (FEDOBOXA) -- Dirigentes que prestigian el boxeo -- La medalla que más brilla de América -- Félix Manuel Díaz Guzmán -- En boxeo presencia médica obligatoria -- Primer presidente de la comisión médica de la fedración de boxeo Dr. Juan A. Niemen -- Primer campeón olímpico beijing 2008 / Félix Manuel Díaz Guzmán -- Primer medallista olímpico de República Dominicana / Pedro Julio Nolasco -- Primer medalista panaméricano de manera individual de República Dominicana / Joan Tolentino Guzmán Amaro -- Primer medallista campeón mundial superior / Elio Enaí Rojas Suriel -- Campeones mundiales juveniles -- Héroes de barranquilla 1946 -- Juegos centroaméricanos y del Caribe, Medellín, Colombia 1978 -- Juegos panamericanos, su origen -- Boxeo República Dominicana en juegos olímpicos -- Primera mujer juez / Árbitro en participar en juegos centroamericanos y del Caribe -- Galería de fotos.
590 _aInventariado, 2019/VM
650 4 _aBoxeo
_xHistoria
_zRepública Dominicana
_946133
650 0 _aJuegos olímpicos
_946134
700 1 _aMejía Oviedo, Luis,
_epról.
_946135
999 _c21864
_d21864